Finish the lyric hard - Taylor Swift - Statistics

General Stats
  • This quiz has been taken 95 times
  • The average score is 5 of 15
Answer Stats
Hint Answer % Correct
New money, suit and tie I can read you like a magazine
86%
Can I go where you go? Can we always be this close, forever and ever?
51%
I don't like your little games Don't like your tilted stage
49%
Goodbye, goodbye, goodbye You were bigger than the whole sky
46%
And I hope I never lose you I hope it never ends
41%
There I was again tonight Forcing laughter, faking smiles
40%
Ocean blue eyes, looking in mine I feel like I might sink and drown and die
40%
From sprinkler splashes to fireplace ashes I gave my blood, sweat, and tears for this
37%
The wine is cold Like the shoulder that I gave you in the street
31%
Here you are now, calling me up But I don't know what to say
24%
Knew he was a killer, first time that I saw him Wonder how many girls he had loved and left haunted
24%
You have pointed out my flaws again As if I don't already see them
19%
My boy was a montage A slow-motion, love potion
11%
We were stupid to jump In the ocean seperating us
4%
I never trust a playboy, but they love me So I fly him all around the world
4%
No matching quizzes found
Score Distribution
Percent of People with Each Score
Percentile by Number Answered
Your Score History
You have not taken this quiz